Statistics for River Landforms

Click here to take the quiz!

General Stats

  • This quiz has been taken 20 times
  • The average score is 5 of 10

Answer Stats

ClueAnswer% Correct
Curved lake that has been cut off from the main river.Ox-Bow Lakes
80%
A sudden drop along the river.Waterfalls
80%
Deposited sediment creates a triangle shape landform at the mouth.Deltas
53%
Large bends in a river.Meanders
53%
Formed where the river meets the sea.Estuary
40%
Area covered in water and sediment when a river bursts its bank.Floodplain
40%
A steep sided valley created by the above retreating.Gorges
40%
Natural embankments made by river flooding.Levees
33%
Shape of the valley eroded by the river.V-Shaped Valley
33%
River erodes around zip-like hard rock.Interlocking Spurs
13%

Score Distribution

Percentile by Number Answered

Percent of People with Each Score

Your Score History

You have not taken this quiz